<?xml version="1.0" encoding="UTF-8"?>
<record
    xmlns:xsi="http://www.w3.org/2001/XMLSchema-instance"
    xsi:schemaLocation="http://www.loc.gov/MARC21/slim http://www.loc.gov/standards/marcxml/schema/MARC21slim.xsd"
    xmlns="http://www.loc.gov/MARC21/slim">

  <leader>00803nam a2200241 a 4500</leader>
  <controlfield tag="001">000000499</controlfield>
  <controlfield tag="003">DO-SdBNP</controlfield>
  <controlfield tag="005">20250219104747.0</controlfield>
  <controlfield tag="007">ta</controlfield>
  <controlfield tag="008">081218s1929    dr      r     000 0 spa d</controlfield>
  <datafield tag="040" ind1=" " ind2=" ">
    <subfield code="a">DO-SdBNP</subfield>
    <subfield code="b">spa</subfield>
    <subfield code="c">BNPHU</subfield>
  </datafield>
  <datafield tag="082" ind1=" " ind2=" ">
    <subfield code="a">xxx</subfield>
    <subfield code="b">S959</subfield>
  </datafield>
  <datafield tag="100" ind1="1" ind2=" ">
    <subfield code="a">Cipriano, </subfield>
    <subfield code="d">1886-1958</subfield>
    <subfield code="c"> de Utrera, fray, </subfield>
    <subfield code="9">50420</subfield>
  </datafield>
  <datafield tag="245" ind1="1" ind2="4">
    <subfield code="a">Los supuestos restos de don Crist&#xF3;bal Col&#xF3;n en la catedral de Santo Domingo :</subfield>
    <subfield code="b">levantando la mascara que encubela este estupendo enga&#xF1;o desde 1877 /</subfield>
    <subfield code="c">Walter M. ST Elmo</subfield>
  </datafield>
  <datafield tag="260" ind1=" " ind2=" ">
    <subfield code="a">San Juan, Puerto Rico :</subfield>
    <subfield code="b">s.n.</subfield>
    <subfield code="c">1929.</subfield>
  </datafield>
  <datafield tag="300" ind1=" " ind2=" ">
    <subfield code="a">44 p. ;</subfield>
    <subfield code="c">24 cm.</subfield>
  </datafield>
  <datafield tag="505" ind1="0" ind2=" ">
    <subfield code="a">.</subfield>
  </datafield>
  <datafield tag="590" ind1=" " ind2=" ">
    <subfield code="a">Inventariado, 2022 / DG</subfield>
  </datafield>
  <datafield tag="600" ind1=" " ind2="0">
    <subfield code="a">COL&#xD3;N, CRISTOBAL,</subfield>
    <subfield code="d">1436-1456</subfield>
    <subfield code="9">19795</subfield>
  </datafield>
  <datafield tag="651" ind1=" " ind2="4">
    <subfield code="a">Rep&#xFA;blica Dominicana</subfield>
    <subfield code="x">Historia</subfield>
    <subfield code="9">170</subfield>
  </datafield>
  <datafield tag="910" ind1=" " ind2=" ">
    <subfield code="a">DG</subfield>
  </datafield>
  <datafield tag="942" ind1=" " ind2=" ">
    <subfield code="2">ddc</subfield>
    <subfield code="c">LF2</subfield>
  </datafield>
  <datafield tag="952" ind1=" " ind2=" ">
    <subfield code="0">0</subfield>
    <subfield code="1">0</subfield>
    <subfield code="2">ddc</subfield>
    <subfield code="5">1</subfield>
    <subfield code="7">0</subfield>
    <subfield code="8">DS-F</subfield>
    <subfield code="a">BNPHU</subfield>
    <subfield code="b">BNPHU</subfield>
    <subfield code="c">CT</subfield>
    <subfield code="d">2022-10-19</subfield>
    <subfield code="l">0</subfield>
    <subfield code="o">xxx S959</subfield>
    <subfield code="p">2022-4394</subfield>
    <subfield code="r">2022-10-19</subfield>
    <subfield code="w">2022-10-19</subfield>
    <subfield code="y">LF2</subfield>
  </datafield>
  <datafield tag="999" ind1=" " ind2=" ">
    <subfield code="c">52572</subfield>
    <subfield code="d">52572</subfield>
  </datafield>
</record>
